¿Tiene sentido todavía la fé? (Record no. 58663)

MARC details
000 -LEADER
campo de control de longitud fija 00701nam a2200205 i 4500
001 - NÚMERO DE CONTROL
campo de control 58663
003 - IDENTIFICADOR DE NÚMERO DE CONTROL
campo de control ES-MaACL
005 - FECHA Y HORA DE LA ÚLTIMA TRANSACCIÓN
campo de control 20230906163846.0
007 - CAMPO FIJO DE DESCRIPCIÓN FÍSICA--INFORMACIÓN GENERAL
campo de control de longitud fija t|
008 - DATOS DE LONGITUD FIJA--INFORMACIÓN GENERAL
campo de control de longitud fija 031023s1973 sp ||||1| spa d
100 1# - ENTRADA PRINCIPAL--NOMBRE DE PERSONA
Nombre de persona Ebneter, Albert.
9 (RLIN) 46476
245 10 - MENCIÓN DEL TÍTULO
Título ¿Tiene sentido todavía la fé?
Resto del título : cuestiones básicas sobre la Iglesia : Dios y el mundo /
Mención de responsabilidad, etc. Albert Ebneter, Selvático, Gassmann ; [traducción de J.L. Albizu].
260 ## - PUBLICACIÓN, DISTRIBUCIÓN, ETC.
Lugar de publicación, distribución, etc. [Madrid] :
Nombre del editor, distribuidor, etc. Ediciones Paulinas,
Fecha de publicación, distribución, etc. [1973]
300 ## - DESCRIPCIÓN FÍSICA
Extensión 375 p. ;
Dimensiones 19 cm.
650 04 - PUNTO DE ACCESO ADICIONAL DE MATERIA--TÉRMINO DE MATERIA
Término de materia o nombre geográfico como elemento de entrada Fe.
9 (RLIN) 12734
700 1# - ENTRADA AGREGADA--NOMBRE PERSONAL
Nombre de persona Selvatico, Pietro.
9 (RLIN) 105361
700 1# - ENTRADA AGREGADA--NOMBRE PERSONAL
Nombre de persona Gassmann, Benno.
9 (RLIN) 55920
700 0# - ENTRADA AGREGADA--NOMBRE PERSONAL
Nombre de persona Albizu, José Luis.
9 (RLIN) 19396
852 ## - LOCALIZACIÓN
Ubicación ES-MaACL
Número de control de estantería C-55705
Sublocalización o colección R.88342
Holdings
Estatus retirado Estado de pérdida Estado de daño No para préstamo Biblioteca de origen Biblioteca actual Ubicación en estantería Fecha de adquisición Fuente de adquisición Total de préstamos Signatura topográfica completa Código de barras Visto por última vez Precio de reemplazo Tipo de ítem Koha
        Biblioteca del Ateneo de Madrid Biblioteca del Ateneo de Madrid Depósito 2 17/01/2008     C-55705 1061544 23/02/2023 23/02/2023 Libro impreso